MARC

Tag First Indicator Second Indicator Subfields
LEADER 00000cam a2200000 4500
001 in00000038526
005 20151007081116.0
008 730119r1939 eng u
020 |a 0836919327 
035 |a (OCoLC)00542889 
035 |9 AAF5885AM 
040 |c KSU  |d TXA  |d UtOrBLW 
049 |a TXAM  |c [92194] 
050 0 0 |a JA81  |b .M38 1939a 
092 |a 320.9  |b M468p 
100 1 |a Mayer, J. P.  |q (Jacob Peter),  |d 1903-1992. 
245 1 0 |a Political thought; the European tradition /  |c by J. P. Mayer in co-operation with R. H. S. Crossman, P. Kecskemeti, E. Kohn-Bramstedt [and] C. J. S. Sprigge; with an introduction by R. H. Tawney. 
264 1 |a New York :  |b Viking Press,  |c 1939. 
300 |a xxvi, 485 pages ;  |c 24 cm. 
336 |a text  |b txt  |2 rdacontent 
337 |a unmediated  |b n  |2 rdamedia 
338 |a volume  |b nc  |2 rdacarrier 
500 |a "First published 1939." 
650 0 |a Political science  |x History. 
650 0 |a State, The. 
650 0 |a History  |x Philosophy. 
651 0 |a Europe  |x Civilization. 
700 1 |a Crossman, R. H. S.  |q (Richard Howard Stafford),  |d 1907-1974. 
700 1 |a Kecskemeti, Paul. 
700 1 |a Bramsted, Ernest Kohn. 
700 1 |a Sprigge, Cecil J. S.  |q (Cecil Jackson Squire),  |d 1896- 
700 1 |a Tawney, R. H.  |q (Richard Henry),  |d 1880-1962. 
999 |a MARS 
999 f f |s 431b5a69-a22c-366b-8d5f-2a605f37c890  |i 44a99fa5-7cd4-3397-ba06-e50915d176d3  |t 0 
952 f f |p ric  |a Texas A&M University  |b Rellis Campus  |c Joint Library Facility  |d Remote Storage  |t 0  |e JA81 .M38 1939a  |h Library of Congress classification  |i unmediated -- volume  |m A14800659589 
998 f f |a JA81 .M38 1939a  |t 0  |l Remote Storage